Saludable mente (Record no. 4503)

MARC details
000 -CABECERA
campo de control de longitud fija 03419nam a2200241 i 4500
001 - NÚMERO DE CONTROL
campo de control Rebiun36391852
008 - DATOS DE LONGITUD FIJA--INFORMACIÓN GENERAL
campo de control de longitud fija 230227s2022 sp a 000 0 spa d
020 ## - NÚMERO INTERNACIONAL ESTÁNDAR DEL LIBRO
Número Internacional Estándar del Libro 9788425359477
040 ## - FUENTE DE LA CATALOGACIÓN
Centro/agencia transcriptor tbs
041 ## - CÓDIGO DE LENGUA
Código de lengua del texto/banda sonora o título independiente spa
050 ## - SIGNATURA TOPOGRÁFICA DE LA BIBLIOTECA DEL CONGRESO
Número de clasificación QP376
Número de documento/Ítem .V39 2021
100 ## - ENTRADA PRINCIPAL--NOMBRE DE PERSONA
Nombre de persona Vázquez, Marcos
Fechas asociadas al nombre 1976-
9 (RLIN) 24762
Término indicativo de función/relación author
245 13 - MENCIÓN DE TÍTULO
Título Saludable mente
Resto del título : hábitos para optimizar tu cerebro y mejorar tu salud a cualquier edad
Mención de responsabilidad, etc. / Marcos Vázquez.
260 ## - PUBLICACIÓN, DISTRIBUCIÓN, ETC.
Lugar de publicación, distribución, etc. Barcelona :
Nombre del editor, distribuidor, etc. Grijalbo,
Fecha de publicación, distribución, etc. 2022
300 ## - DESCRIPCIÓN FÍSICA
Extensión 329 pages :
Otras características físicas illustrations ;
Dimensiones 22 cm
520 ## - SUMARIO, ETC.
Sumario, etc. El cerebro es lo que te hace ser tú mismo, y es mucho más moldeable de lo que piensas: lo esculpes con cada una de tus acciones. Además, investigaciones recientes afirman que no solo tiene la capacidad de cambiar, sino que lo hace constantemente. Cada experiencia vital moldea detalles microscópicos de tu esencia neuronal. Lo que haces altera lo que eres. El objetivo de este libro es ayudarte a entender mejor su funcionamiento, pero sobre todo, enseñarte a mejorarlo. Cuidar de tu cerebro no solo te ayudará a prevenir trastornos como la demencia, el alzéimer o el párkinson, sinó también a rendir mejor en tu día a día. La salud del cerebro depende de la del resto del cuerpo, y no podemos optimizar su funcionamiento sin entender antes cómo influyen en él la dieta, la actividad física o el estrés ni considerar la estrecha relación entre nuestra microbiota y nuestro estado de ánimo así como el impacto del contacto social en nuestra salud mental. Las recomendaciones de Marcos Vázquez te ayudarán a mejorar tu capacidad de aprender y recordar, a aumentar tu resistencia ante la enfermedad mental, a entender cómo potenciar la plasticidad cerebral y a mejorar tu reserva cognitiva. Posees en tu cabeza el objeto más fascinante que jamás se ha descubierto. Es el momento de desvelar sus misterios y potenciarlo al máximo.
520 ## - SUMARIO, ETC.
Sumario, etc. Your brain is what makes you you, and it’s far more adaptable than you might think—you sculpt it with every action you take. Recent research shows that not only does the brain have the ability to change, but it is constantly evolving. Every life experience shapes the microscopic details of your neural essence. What you do transforms who you are.<br/><br/>The goal of this book is to help you better understand how your brain works—but more importantly, to teach you how to improve it. Taking care of your brain doesn’t just help prevent disorders like dementia, Alzheimer’s, and Parkinson’s, it also enhances your daily performance in all aspects of life.<br/><br/>Brain health is deeply connected to overall physical health. To optimize its function, we must first understand the impact of diet, physical activity, and stress, as well as the crucial link between our gut microbiota and mood and the profound effect of social interaction on mental well-being.<br/><br/>With Marcos Vázquez’s expert recommendations, you will learn how to enhance your learning and memory, strengthen your resilience against mental disorders, boost brain plasticity, and improve your cognitive reserve.<br/><br/>Inside your head, you hold the most fascinating object ever discovered. Now is the time to unlock its secrets and unleash its full potential.
650 #0 - PUNTO DE ACCESO ADICIONAL DE MATERIA--TÉRMINO DE MATERIA
Término de materia o nombre geográfico como elemento de entrada Brain
Subdivisión general Care and hygiene
9 (RLIN) 24763
650 #0 - PUNTO DE ACCESO ADICIONAL DE MATERIA--TÉRMINO DE MATERIA
Término de materia o nombre geográfico como elemento de entrada Mental health
9 (RLIN) 12874
650 #0 - PUNTO DE ACCESO ADICIONAL DE MATERIA--TÉRMINO DE MATERIA
Término de materia o nombre geográfico como elemento de entrada Brain
Subdivisión general Physiology
9 (RLIN) 11754
650 #0 - PUNTO DE ACCESO ADICIONAL DE MATERIA--TÉRMINO DE MATERIA
Término de materia o nombre geográfico como elemento de entrada Self-improvement
9 (RLIN) 22769
942 ## - ELEMENTOS DE ENTRADA AGREGADA (KOHA)
Fuente del sistema de clasificación o colocación Clasificación de Library of Congress
Holdings
Estado de retiro Estado de pérdida Fuente del sistema de clasificación o colocación Estado dañado No para préstamo Biblioteca de origen Biblioteca actual Fecha de adquisición Total de préstamos Signatura topográfica completa Código de barras Fecha visto por última vez Número de copia Precio válido a partir de Tipo de ítem Koha Nota pública
    Clasificación de Library of Congress     TBS Barcelona TBS Barcelona 17/02/2025   QP376 VAZ B05944 17/02/2025 1 17/02/2025 Book WELL COLLECTION

Powered by Koha